|
|
|
|
| LEADER |
00000nab a2200000ua 4500 |
| 001 |
vtls010767053 |
| 003 |
SK-MaSNL |
| 005 |
20260304203359.0 |
| 008 |
250718s1969 xo |||||||||||||||||slo| |
| 035 |
|
|
|a (urnnbn)urn:nbn:sk:snk:ar-a02a9e
|
| 035 |
|
|
|a (uuid)2b171c66-0975-4f93-924a-f95140cdd8a0
|
| 035 |
|
|
|a urn:nbn:sk:snk-ab4iz4
|
| 040 |
|
|
|a SNKBUCL
|b slo
|c SNKBUCL
|e AACR2
|
| 041 |
0 |
|
|a eng
|
| 044 |
|
|
|a xo
|c SK
|
| 100 |
1 |
|
|a Daneš, L.
|4 aut
|9 1171075
|
| 245 |
1 |
0 |
|a THE ROLE OF ALVEOLAR MACROPHAGES IN INHALATION INFECTION OF RABBITS WITH VACCINIA VIRUS. II. EXPERIMENTS WITH MEDIUM AND SMALL DOSES OF VIRUS
|c L. Daneš, R. Benda
|
| 700 |
1 |
|
|a Benda, R.
|4 aut
|9 1171010
|
| 773 |
0 |
|
|t Acta virologica
|g Roč. 13, č. 6 (1969), s. 527-[531c]
|
| 850 |
|
|
|a Slovenská národná knižnica
|
| 852 |
|
|
|a Slovenská národná knižnica
|
| 958 |
|
|
|a article3
|
| 958 |
|
|
|a OND
|
| 958 |
|
|
|a EUIPO
|
| 999 |
|
|
|c 3109381
|d 3111311
|